UM Logo

Fundamentals of organic chemistry / (Record no. 7913)

MARC details
000 -LEADER
fixed length control field 00551nam a2200169 4500
008 - FIXED-LENGTH DATA ELEMENTS--GENERAL INFORMATION
fixed length control field 171206b xxu||||| |||| 00| 0 eng d
020 ## - INTERNATIONAL STANDARD BOOK NUMBER
International Standard Book Number 9780534352158
082 ## - DEWEY DECIMAL CLASSIFICATION NUMBER
Edition number 1998
Classification number DC 547
Item number M16
100 ## - MAIN ENTRY--PERSONAL NAME
9 (RLIN) 24256
Personal name McMurray, John, author.
245 ## - TITLE STATEMENT
Title Fundamentals of organic chemistry /
Statement of responsibility, etc. John McMurray.
250 ## - EDITION STATEMENT
Edition statement 4th edition.
260 ## - PUBLICATION, DISTRIBUTION, ETC. (IMPRINT)
Place of publication, distribution, etc. California :
Name of publisher, distributor, etc. Brooks/Cole,
Date of publication, distribution, etc. ©1998.
300 ## - PHYSICAL DESCRIPTION
Extent xxii, 566 pages :
Other physical details illustrations ;
Dimensions 26 cm.
500 ## - GENERAL NOTE
General note Includes glossary, appendices and index.
650 #0 - SUBJECT ADDED ENTRY--TOPICAL TERM
9 (RLIN) 24257
Topical term or geographic name as entry element Chemistry, Organic.
942 ## - ADDED ENTRY ELEMENTS (KOHA)
Source of classification or shelving scheme Dewey Decimal Classification
Koha item type Circulation
Holdings
Withdrawn status Lost status Source of classification or shelving scheme Damaged status Not for loan Collection code Home library Current library Shelving location Date acquired Source of acquisition Total Checkouts Full call number Barcode Date last seen Date last checked out Copy number Price effective from Koha item type
    Dewey Decimal Classification     Circulation UM Digos College - LIC UM Digos College - LIC Book Cart 09/07/1999 Purchased 6 DC 547 M16 1998 13463 05/15/2025 02/28/2019 1 12/06/2017 Circulation